<?xml version="1.0" encoding="UTF-8"?>
<collection xmlns="http://www.loc.gov/MARC21/slim">
 <record>
  <leader>01163pamaa2200181   4500</leader>
  <controlfield tag="001">0000043031</controlfield>
  <controlfield tag="005">20110104090000.0</controlfield>
  <datafield tag="020" ind1="0" ind2="0">
   <subfield code="a">Nil </subfield>
  </datafield>
  <datafield tag="090" ind1="0" ind2="0">
   <subfield code="a">QA76 </subfield>
   <subfield code="b">SOV 2007</subfield>
  </datafield>
  <datafield tag="100" ind1="1" ind2="1">
   <subfield code="a">SOVIA INDRAWATY </subfield>
  </datafield>
  <datafield tag="245" ind1="1" ind2="2">
   <subfield code="a">A study and implementation of an interactive teachware as assistances for teacher to teach kindergarden kids who are 4-6 years old entitle &quot;object around us&quot; with 2D animation  </subfield>
   <subfield code="c">Sovia Indrawaty.</subfield>
  </datafield>
  <datafield tag="260" ind1="0" ind2="0">
   <subfield code="a">Nilai: </subfield>
   <subfield code="b">INTI College Malaysia, </subfield>
   <subfield code="c">January 2007.</subfield>
  </datafield>
  <datafield tag="300" ind1=" " ind2=" ">
   <subfield code="a">Volume I; </subfield>
   <subfield code="c">30 cm.</subfield>
  </datafield>
  <datafield tag="440" ind1="0" ind2="0">
   <subfield code="a">B.Sc. (HONS) IN MULTIMEDIA COMPUTING DOUBLE MODULE DOUBLE MODULE FINAL PROJECT REPORT</subfield>
  </datafield>
  <datafield tag="500" ind1="0" ind2="0">
   <subfield code="a">Click URL Link to view Abstract. Full Text Available at IRS Counter (Volume I, January 2007)</subfield>
  </datafield>
  <datafield tag="502" ind1="0" ind2="0">
   <subfield code="a">A dissertation submitted in partial fulfillment of the requirement of Honours Degree in Multimedia Computing at Coventry University under the management and surpervision of School of  Faculty Computing and IT, INTI International University College</subfield>
  </datafield>
  <datafield tag="650" ind1="0" ind2="0">
   <subfield code="a">Dissertations, academic -- </subfield>
   <subfield code="x">Computer systems </subfield>
  </datafield>
  <datafield tag="901" ind1=" " ind2=" ">
   <subfield code="u">http://elibrary.intimal.edu.my/dissertation/New_Dissertation_List_&amp;_Abstract/Computing_2006-2007/Computers_BMC_Jan2007_V.I(Sovia).pdf</subfield>
  </datafield>
 </record>
</collection>
